| 000 | 00996nam a2200241 a 4500 | ||
|---|---|---|---|
| 001 | 63476 | ||
| 003 | BD-RjUL | ||
| 005 | 20211209081212.0 | ||
| 008 | 170130s2002 bg ||||| |||| 00| e ben d | ||
| 020 |
_a9840742434 _c: Tk. 100.00 |
||
| 035 | _a(BD-RjUL)63605 | ||
| 040 |
_aBD-RjUL _bben _cBD-RjUL |
||
| 041 | _aben | ||
| 082 |
_223 _a891.444 _bMUS 2002 |
||
| 245 | 1 | 0 |
_aমুসলিম সাহিত্য সমাজ-এর বার্ষিক অধিবেশন : _bসভাপতিদের অভিভাষণ / _cহাবিব রহমান সম্পাদিত |
| 260 |
_aঢাকা : _bবাংলা একাডেমী, _c২০০২ |
||
| 300 |
_a১৭৪ পৃ. ; _c২৩ সেমি. |
||
| 504 | _aতথ্যপঞ্জি সংযুক্ত | ||
| 650 |
_aবাংলা প্রবন্ধ _9170454 |
||
| 650 |
_aBengali Essays _9170481 |
||
| 700 |
_aরহমান, হাবিব, সম্পাদক _9170514 |
||
| 942 |
_2ddc _cBK |
||
| 999 |
_c63476 _d63476 |
||